000 01979cam a22003614a 4500
001 16371356
003 OSt
005 20180116183045.0
008 100802s2011 njua b 001 0 eng
010 _a 2010030985
020 _a9780470547823 (hardback)
020 _a0470547820 (hardback)
035 _a(OCoLC)ocn652446071
040 _aDLC
_cDLC
_dYDX
_dYDXCP
_dBWX
_dCDX
_dDLC
042 _apcc
050 0 0 _aHD45
_bB443 2011
082 0 0 _a658.514
_222
100 1 _aBetz, Frederick
_d1937
245 1 0 _aManaging technological innovation .
_bcompetitive advantage from change .
_cFrederick Betz.
250 _a3rd ed.
260 _aHoboken, N.J.
_bWiley,
_c2011.
300 _axv, 362 p. :
_bill. ;
_c25 cm.
500 _aPaper Cover
504 _aIncludes bibliographical references and index.
520 _a"Frederick Betz is one of the original creators of "technology management" and was Director of the TM program at the NSF. His first book on Management of Technology published by Prentice Hall 16 years ago has been acknowledged as setting the foundation for the subject. Betz further helped crystalize the field of technology management and the management of innovation with the first two editions of Managing Technological Innovation. With this third edition he will bring the subject inline with current business strategy. This edition will present information in a newer organized format that aligns more closely with how the topics are presented and discussed in the classroom. Planned for inclusion will be a greater discussion of how science and technology interact with the global economy"--
600 _aBetz, Frederick.
650 0 _aTechnological innovations
_xManagement.
650 0 _aResearch, Industrial
_xManagement.
700 _aBetz, Frederick.
906 _a7
_bcbc
_corignew
_d1
_eecip
_f20
_gy-gencatlg
942 _2ddc
_cBK
_k658.514
999 _c351394
_d351394